000 00424nam a2200145 i 4500
001 59416
003 ES-MaACL
007 t|
008 031029s1954 sp ||||1| spa d
245 0 3 _aEl ensayo hispánico
_b: estudio y antología /
_cPilar A. Sanjuán ... [et al.].
260 _aMadrid :
_bGredos,
_c[1954]
300 _a412 p. ;
_c20 cm.
700 1 _aSanjuán, Pilar A.
_9103161
852 _aES-MaACL
_jC-8788
_bR.36827
999 _c59416
_d59416